[Event "GER-chT School WK GS"]
[Site "Playchess.com INT"]
[Date "2020.06.18"]
[Round "6.4"]
[White "Heffe, Bela"]
[Black "Hoehndorf, Julian"]
[Result "0-1"]
[WhiteElo "1355"]
[BlackElo "1686"]
[PlyCount "50"]
[EventDate "2020.06.11"]
[EventType "team-swiss (blitz)"]
[EventRounds "7"]
[EventCountry "GER"]
[SourceTitle "EXT 2021"]
[Source "ChessBase"]
[SourceDate "2020.10.23"]
[SourceVersion "1"]
[SourceVersionDate "2020.10.23"]
[SourceQuality "1"]
[WhiteTeam "Dortmund NW"]
[BlackTeam "Berlin Alt Schmar"]
[WhiteTeamCountry "GER"]
[BlackTeamCountry "GER"]

1. e4 e5 2. Bc4 Bc5 3. Qf3 Qe7 4. d3 Nf6 5. Bg5 Nc6 6. g4 d6 7. Ne2 Bxg4 8. Qg3 h6 9. Bh4 0-0-0 10. Nd4 Bxd4 11. 0-0 Bxb2 12. Na3 Bxa1 13. Rxa1 g5 14. Bxg5 hxg5 15. Nb5 a6 16. Na7+ Nxa7 17. Re1 Nc6 18. Rd1 Nd4 19. Re1 Nxc2 20. Rc1 Nd4 21. Qe3 Ne2+ 22. Kf1 Nxc1 23. Qxc1 Rxh2 24. Qa3 Bf3 25. Kg1 Rh1# 0-1

[Event "GER-chT School WK GS"]
[Site "Playchess.com INT"]
[Date "2020.06.18"]
[Round "7.4"]
[White "Oehme, Melina"]
[Black "Heffe, Bela"]
[Result "0-1"]
[WhiteElo "1200"]
[BlackElo "1355"]
[PlyCount "24"]
[EventDate "2020.06.11"]
[EventType "team-swiss (blitz)"]
[EventRounds "7"]
[EventCountry "GER"]
[SourceTitle "EXT 2021"]
[Source "ChessBase"]
[SourceDate "2020.10.23"]
[SourceVersion "1"]
[SourceVersionDate "2020.10.23"]
[SourceQuality "1"]
[WhiteTeam "Zwoetzener Th"]
[BlackTeam "Dortmund NW"]
[WhiteTeamCountry "GER"]
[BlackTeamCountry "GER"]

1. e4 e5 2. Nf3 Qf6 3. Nc3 Bc5 4. a3 g5 5. b4 Bb6 6. Nd5 Qd6 7. Nxg5 c6 8. Ne3 Qf6 9. h4 d5 10. exd5 cxd5 11. Bb5+ Kf8 12. Nxd5 Qxf2# 0-1